Mencegah & merawat obesiti, impotensi dan penuaan

Bibliographic Details
Corporate Author: Title
Other Authors: Wan Jamaluddin Syukur
Format: Book
Published: Kuala Lumpur : Jasmin Enterprise , 2004
Subjects:

MARC

LEADER 00000cam a2200000 7i4500
001 0000012998
005 20080107.0
008 080107
020 |a 9833128572 
090 0 0 |a 297.26   |b MEN 
245 1 0 |a Mencegah & merawat obesiti, impotensi dan penuaan   |c Penyusun Wan Jamaluddin Syukur 
260 |a Kuala Lumpur :   |b Jasmin Enterprise ,   |c 2004 
650 0 |a Health   |x Religious aspect   |x Islam 
650 0 |a Medicine   |x Religious aspects   |x Islam 
700 0 |a Wan Jamaluddin Syukur 
710 0 |a Title 
999 |a 0001009054   |b Book   |c Adult Collection   |e Perbadanan Perpustakaan Awam Johor 
999 |a 0001009055   |b Book   |c Adult Collection   |e Perbadanan Perpustakaan Awam Johor 
999 |a 0001009056   |b Book   |c Adult Collection   |e Perbadanan Perpustakaan Awam Johor